000 00555nam a22001937a 4500
005 20251108164917.0
008 250721s1988 xx 000 0 ara d
082 1 4 _a811.962/أحم
100 1 _aشوقي، أحمد
245 1 0 _aالشوقيات :
_bشعر /
264 1 _aبيروت :
_bدار العودة،
_c1988.
300 _a4ج في 2 مج
500 _aيوجد نسخة في قاعة المراجع
650 1 7 _aالشعر العربي
650 1 7 _aالعصر الحديث
650 1 7 _aمصر
942 _2ddc
_cREF
999 _c17251
_d17251